| 000 | 00838nam a22001937a 4500 | ||
|---|---|---|---|
| 999 |
_c176081 _d176081 |
||
| 005 | 20201029115632.0 | ||
| 010 | _aB-736513 | ||
| 020 | _c54.00 | ||
| 035 | _aB-736513 | ||
| 037 | _bडी.बी.ए.डी./ उपहार | ||
| 082 | _aउ | ||
| 100 | _aईशान महेश | ||
| 245 |
_aधानी धरती / _cईशान महेश |
||
| 260 |
_aनई दिल्ली _bसरस्वती हाउस प्रा.लि. _c202? |
||
| 270 |
_a9 दरियागंज समीप टेलीफोन कार्यालय _bनई दिल्ली _e110002 |
||
| 300 |
_a87पृ. _c22सेमी (अजिल्द) |
||
| 942 |
_2ddc _cCH _mईशान _hउ |
||